000 00765nam a2200229 a 4500
999 _c10636
_d10636
001 10636
003 BD-JhCC
005 20180801081433.0
008 180801s20122001bg |||| |||| 001 0 ben d
020 _a9847013302201
035 _a(BD-JhCC)10636
040 _aBD-JhCC
_dBD-JhCC
041 _aben
082 _bALI 2012
_a020
100 _aআলী, মোহাম্মদ সা’দাত
245 _aআধুনিক গ্রন্থাগার ও তথ্যবিজ্ঞান /
_cমোহাম্মদ সা’দাত আলী
260 _aঢাকা :
_bকাকলী,
_c2012
300 _a637 পৃ. :
_c২২ সেমি.
504 _aIncludes index and bibliography
650 _aLibrary Science
942 _2ddc
_cBK